El espíritu del cristianismo ruso (Record no. 147248)

MARC details
000 -LEADER
campo de control de longitud fija 00597nam a2200157 i 4500
001 - NÚMERO DE CONTROL
campo de control 147248
003 - IDENTIFICADOR DE NÚMERO DE CONTROL
campo de control ES-MaACL
005 - FECHA Y HORA DE LA ÚLTIMA TRANSACCIÓN
campo de control 20230906201911.0
007 - CAMPO FIJO DE DESCRIPCIÓN FÍSICA--INFORMACIÓN GENERAL
campo de control de longitud fija t|
008 - DATOS DE LONGITUD FIJA--INFORMACIÓN GENERAL
campo de control de longitud fija 070925q1954 sp ||||1| spa d
100 1# - ENTRADA PRINCIPAL--NOMBRE DE PERSONA
Nombre de persona Tzebrikov de Villardo, Jorge.
9 (RLIN) 111813
245 13 - MENCIÓN DEL TÍTULO
Título El espíritu del cristianismo ruso
Resto del título : contribución histórica, teológica y psicologica a la causa de la unión de las iglesias oriental y occidental /
Mención de responsabilidad, etc. Jorge Tzebrikov de Villardo.
260 ## - PUBLICACIÓN, DISTRIBUCIÓN, ETC.
Lugar de publicación, distribución, etc. Madrid, etc. :
Nombre del editor, distribuidor, etc. Studium de Cultura,
Fecha de publicación, distribución, etc. [1954]
300 ## - DESCRIPCIÓN FÍSICA
Extensión 250 p. :
Otras características físicas il. ;
Dimensiones 19 cm.
852 ## - LOCALIZACIÓN
Ubicación ES-MaACL
Número de control de estantería C-13839
Sublocalización o colección R.41737
Holdings
Estatus retirado Estado de pérdida Estado de daño No para préstamo Biblioteca de origen Biblioteca actual Ubicación en estantería Fecha de adquisición Fuente de adquisición Total de préstamos Signatura topográfica completa Código de barras Visto por última vez Precio de reemplazo Tipo de ítem Koha
        Biblioteca del Ateneo de Madrid Biblioteca del Ateneo de Madrid Sala Palomar 17/01/2008     C-13839 1153666 23/02/2023 23/02/2023 Libro impreso